| 000 | 00000nam##2200000za#4500 |
| 001 | 9.575710 |
| 003 | CaOODSP |
| 005 | 20210624184808 |
| 007 | cr ||||||||||| |
| 008 | 150406|2009||||xxc|||||o f|0| 0 eng|d |
| 040 | |aCaOODSP|beng |
| 043 | |an-cn--- |
| 086 | 1 |aTU3-5/09-10E-PDF |
| 110 | 2 |aTransportation Safety Board of Canada. |
| 245 | 10|aCollision with terrain - Beechcraft V35B Bonanza C-GWUW Castor, Alberta, 13 nm NE, 15 June 2009 |h[electronic resource] |
| 260 | |aGatineau - Quebec : |bTransportation Safety Board of Canada |c[2009]. |
| 300 | |a7p.|bcoloured illus. |
| 490 | 1 |aAviation investigation report |vA09W0105 |
| 590 | |a13-06-Supp|b2013-03-19 |
| 775 | 08|tImpact au sol - Beechcraft V35B Bonanza C-GWUW 13 nm au nord-est de Castor (Alberta), 15 juin 2009 |w(CaOODSP)9.605183 |
| 830 | #0|aAviation investigation report ;|vA09W0105|w(CaOODSP)9.504825 |
| 856 | 40|ahttp://publications.gc.ca|qPDF|s389 KB|uhttps://publications.gc.ca/collections/collection_2013/bst-tsb/TU3-5-09-10-eng.pdf|yA09W0105 |